| 000 | 00316nam a2200109 4500 | ||
|---|---|---|---|
| 008 | 160623b xxu||||| |||| 00| 0 eng d | ||
| 100 |
_9756 _a Reed, V.W |
||
| 245 | _aI Touched the Earth with my Heart (Poem) | ||
| 260 |
_aN.Y _b S Lycem Book _c1975 |
||
| 300 | _aI Touched the Earth with my Heart (Poem) | ||
| 942 |
_2ddc _cBK |
||
| 999 |
_c608 _d608 |
||